000 00374nam a2200157Ia 4500
008 230917s9999||||xx |||||||||||||| ||und||
040 _e80508
_aMAIN
041 _aEnglish
082 _a342 W119A
100 _aWade, HWR
245 0 _aAdministrative law
250 _a6th ed.
260 _aOxford
_bOxford University Press
_c1988
300 _alxxi, 1028 p.
942 _cBK
999 _c67729
_d67729